| 000 | 01475nac a22003611u 4500 | ||
|---|---|---|---|
| 999 |
_c15019 _d15019 |
||
| 003 | EG-ScBUE | ||
| 005 | 20200308121553.0 | ||
| 008 | 090225t2010 caua f 001 0 eng d | ||
| 020 | _a1439048754 | ||
| 020 | _a9781439048757 | ||
| 035 | _a(DLC) 2003107780 | ||
| 040 |
_aEG-ScBUE _beng _erda _cEG-ScBUE _dEG-ScBUE |
||
| 082 | 0 | 4 |
_a530 _bJEW _222 |
| 100 | 1 |
_aJewett, John W., _eauthor. _94339 |
|
| 245 | 1 | 0 |
_aPhysics for scientists and engineers with modern physics / _cJohn W. Jewett, Jr., Emeritus, California State Polytechnic University, Pomona, Raymond A. Serway, Emeritus, James Madison University ; with contributions from Vahé Peroomian, University of California at Los Angeles. |
| 250 | _aEighth edition. | ||
| 250 | _aInternational edition. | ||
| 264 | 1 |
_aBelmont, CA : _bBrooks/Cole, Cengage Learning, _c[2010] |
|
| 264 | 4 | _cc2010 | |
| 300 |
_a1 volume (various pagings) : _billustrations (some color) ; _c29 cm |
||
| 336 |
_2rdacontent _atext _btxt |
||
| 337 |
_2rdamedia _aunmediated _bn |
||
| 338 |
_2rdacarrier _avolume _bnc |
||
| 500 | _aIncludes index. | ||
| 650 | 7 |
_aPhysics. _2BUEsh _94340 |
|
| 651 | _2BUEsh | ||
| 653 |
_bGGEN _cMarch2020 |
||
| 655 |
_aElectricity and Magnetism prep. _xComputer Science _ySemester 2. 2008/2009 _vReading book |
||
| 655 |
_aIntroduction to Electricity- prep. _xEngineering _ySemester 2. 2008/2009 |
||
| 700 | 1 |
_aSerway, Raymond A., _eauthor. _94341 |
|
| 942 |
_cBB _k530JEW _2ddc |
||